| 000 | 00381nam a2200145 a 4500 | ||
|---|---|---|---|
| 001 | 4329 | ||
| 003 | CDMR | ||
| 005 | 20130916131003.0 | ||
| 008 | 130130s1922||||||||||||||||||||||||||||d | ||
| 040 |
_aCDMR _bcat _cCDMR |
||
| 245 | 0 |
_aDon Miguel Moya _b: rasgos biográficos |
|
| 260 |
_aMadrid _c1922 _bAsociación de la Prensa |
||
| 650 | 0 | 4 |
_93074 _aPeriodistes _vBiografia |
| 942 |
_cMON _2udc |
||
| 999 |
_c4329 _d4329 |
||